Drapeaux des provinces & territoires du Canada - Mort subite - Statistiques

Statistiques générales
  • Ce quiz a été pris 59 fois
  • Le résultat moyen est 4 sur 13
Answers on the Grid
Answers color-coded by a green-red scale on the quiz's grid according to % correct below.
Trulli
Trulli
Trulli
Trulli
Trulli
Trulli
Trulli
Trulli
Trulli
Trulli
Trulli
Trulli
Trulli
Trulli
Trulli
Trulli
Trulli
Trulli
Trulli
Trulli
Trulli
Trulli
Trulli
Trulli
Trulli
Trulli
Trulli
Trulli
Trulli
Trulli
 
Statistiques - réponses
Réponse % Correct
Trulli
64%
Trulli
49%
Trulli
46%
Trulli
44%
Trulli
33%
Trulli
28%
Trulli
28%
Trulli
28%
Trulli
26%
Trulli
21%
Trulli
18%
Trulli
18%
Trulli
18%
Aucun quiz correspondant
Distribution des résultats
% des personnes avec chaque résultat
Percentile par nombre de réponses
Votre historique - résultats
Vous n’avez pas pris ce quiz